[Event "Carlos Torre Memorial op 32nd"]
[Site "Merida"]
[Date "2022.12.21"]
[Round "9"]
[White "Cruz Gomez, Miguel Angel"]
[Black "Zebadua Molina, Belzazar"]
[Result "1/2-1/2"]
[WhiteElo "1962"]
[BlackElo "1900"]
[PlyCount "52"]
[EventDate "2022.12.16"]
[EventType "swiss"]
[EventRounds "9"]
[EventCountry "MEX"]
[SourceTitle "CBM 212 Extra"]
[Source "ChessBase"]
[SourceDate "2023.03.31"]
[SourceVersion "1"]
[SourceVersionDate "2023.03.31"]
[SourceQuality "1"]

1. Nf3 d5 2. d4 Nf6 3. c4 dxc4 4. Qa4+ Nbd7 5. g3 c6 6. Qxc4 e6 7. Bg2 c5 8. 0-0 Be7 9. dxc5 Bxc5 10. Nc3 a6 11. b4 Ba7 12. Bg5 b5 13. Qb3 Bb7 14. Rad1 Qe7 15. Rfe1 h6 16. Bc1 0-0 17. e4 Ng4 18. Re2 Rac8 19. h3 Nge5 20. Nxe5 Nxe5 21. Be3 Bxe3 22. Rxe3 Rc4 23. a3 Rfc8 24. f4 Nd7 25. e5 Bxg2 26. Kxg2 Nb6 1/2-1/2